10 Movies of 1966 - Statistics

General Stats
  • This quiz has been taken 14 times
  • The average score is 3 of 10
Answer Stats
Hint Answer % Correct
A fashion photographer unknowingly captures a death on film after following two lovers in a park. Blow-Up
57%
A bitter recluse plots to ruin Christmas for a joyful town. How the Grinch Stole Christmas!
50%
Three men race to find a strongbox containing $200,000 in the American Southwest. The Good, the Bad and the Ugly
50%
An older couple's volatile relationship unravels during a night of psychological games with younger guests. Who’s Afraid of Virginia Woolf?
50%
* A nurse is put in charge of a mute actress and finds that their personalities are melding together. * Persona
29%
* In the 1950s, fear and violence escalate as the people of Algiers fight for independence from the French government. * The Battle of Algiers
29%
* A Russian icon painter in the 15th century grapples with faith, creative purpose, and the brutal realities of a war-torn society as he embarks on a spiritual journey. * Andrei Rublev
21%
* Two teenage girls embark on a series of destructive pranks in which they consume and destroy the world around them. * Daisies
14%
* After his gang disbands, a yakuza enforcer looks forward to life outside of organized crime but soon must become a drifter after his old rivals attempt to assassinate him. * Tokyo Drifter
14%
An unhappy middle-aged banker agrees to a procedure that will fake his death and give him a completely new look and identity – one that comes with its own price. Seconds
7%
No matching quizzes found
Score Distribution
Percent of People with Each Score
Percentile by Number Answered
Your Score History
You have not taken this quiz